Son le plus streamé par rappeur sur Spotify - Statistiques

Statistiques générales
  • Ce quiz a été pris 70 fois
  • Le résultat moyen est 5 sur 17
Statistiques - réponses
Hint Réponse % Correct
SDM Bolide allemand
75%
PNL Au DD
66%
Ninho La vie qu'on mène
48%
Niska Réseaux
46%
L2B Pelican
39%
Kaaris Tchoin
36%
Booba 92i veyron
34%
KobaLaD (feat) RR9.1
32%
LaRvfleuze PIB
20%
Maes (feat) Dybala
18%
PLK Emotif
18%
Werenoi Solitaire
14%
Bouss Ça parle mal
13%
RK (feat) C'est mon sang
13%
Gims Est ce que tu m'aimes
13%
Jul La bandite
11%
LaMano El Gemano
4%
Aucun quiz correspondant
Distribution des résultats
% des personnes avec chaque résultat
Percentile par nombre de réponses
Votre historique - résultats
Vous n’avez pas pris ce quiz